000 00261nam a22001217a 4500
008 181005b xxu||||| |||| 00| 0 eng d
041 _aeng
080 _a159.9
100 _a49
101 _aPSI
245 _aPhysiology Of Medicine
_cJAmes.k
942 _2udc
_cBK
999 _c48906
_d48906